Družička na objednávku /
Rachel Vinsonová je profesionální družička: zčásti důvěrnice, zčásti svatební plánovačka a na sto procent falešná nejlepší kamarádka. Diskrétnost je zaručena. Její další zakázkou je svatba v zahraničí, živě streamovaná a sponzorovaná, pro instagramovou influencerku. To znamená opravdový ráj nových k...
Uloženo v:
| Hlavní autor: | |
|---|---|
| Médium: | E-kniha |
| Jazyk: | Czech |
| Vydáno: |
Praha :
DOBROVSKÝ s.r.o.,
2026
|
| Tagy: |
Žádné tagy |
| LEADER | 02227nam a22002297i 4500 | ||
|---|---|---|---|
| 001 | 303812 | ||
| 007 | ta | ||
| 008 | 260521s2026 xr ||||| |||| 00| 0 cze d | ||
| 020 | |a 9788027744473 | ||
| 044 | |a xr | ||
| 100 | 1 | |a Wilson, Sariah |4 aut | |
| 245 | 1 | 0 | |a Družička na objednávku / |c Wilson, Sariah |
| 264 | 1 | |a Praha : |b DOBROVSKÝ s.r.o., |c 2026 | |
| 300 | |a 1 online zdroj (304 stran) | ||
| 336 | |a text |b txt |2 rdacontent | ||
| 337 | |a bez média |b n |2 rdamedia | ||
| 338 | |a online zdroj |b cr |2 rdacarrier | ||
| 520 | 2 | |a Rachel Vinsonová je profesionální družička: zčásti důvěrnice, zčásti svatební plánovačka a na sto procent falešná nejlepší kamarádka. Diskrétnost je zaručena. Její další zakázkou je svatba v zahraničí, živě streamovaná a sponzorovaná, pro instagramovou influencerku. To znamená opravdový ráj nových kontaktů, které by mohly být přínosem pro její už tak vzkvétající podnikání. Pokud se tedy Rachel podaří udržet na uzdě velmi pohledného a až příliš zainteresovaného svědka.Podnikatel v oblasti špičkových technologií Camden Lewis to musí vědět: Kdo je tato nádherná, inteligentní a záhadná žena? Je příliš dokonalá na to, aby byla skutečná. Camden je přesvědčen, že je to firemní špiónka, která chce zničit jeho společnost, a proto ji nespouští z dohledu. Neustálé sledování mu však zároveň otevírá oči a odhaluje věci, které se mu na ní líbí. Jestli je špiónka, tak určitě ta nejroztomilejší, jakou kdy viděl.Během týdne, kdy probíhají svatební přípravy, se o sobě Rachel a Camden dozvídají téměř vše, co je třeba vědět. Rachel si vybudovala kariéru jako družička, ale možná je tu šance i na její vlastní cestu k oltáři… | |
| 910 | |a RBIT002 | ||
| 998 | |d 427262 |a https://core.palmknihy.cz/api/books/427262/cover?tfdlwc |b https://core.palmknihy.cz/api/books/427262/cover/400?tfdlwc |c https://core.palmknihy.cz/api/books/427262/cover/50?tfdlwc |e 2029-05-21 |g 304 |i 9788027744473 |j https://core.palmknihy.cz/api/books/427262/preview.epub |k https://core.palmknihy.cz/api/books/427262/preview.pdf |l |q 49 |r 1 |s https://www.palmknihy.cz/kniha/427262 |t ebook |y 2026 |z 1 | ||
| 999 | |d 303810 | ||